00833cam a22002534a 450000500170000000800410001702000150005804000290007304100080010204400080011008200160011810000240013424500830015826000530024130000620029450400760035665000190043265000120045165000110046365000190047465000270049370000320052070000270055220191224041759.0020312s2002 mauab b 001 0 eng  a0878932917 aDLCcDLCdDLCdCO-BoIAVH0 aeng axxu00a581.7bG97e1 aGurevitch, Jessica.14aThe ecology of plants /cJessica Gurevitch, Samuel M. Scheiner, Gordon A. Fox. aSunderland, Mass. :bSinauer Associates,cc2002. axvi, 523 páginas :bIlustraciones, mapas ;c29 x 22 cm. aIncluye referencias bibliográficas (páginas( [485]-502) e índice. 0aPlant ecology.16aPlantas26aBiomas26aPaleocología26aDiversidad Biológica1 aScheiner, Samuel M.,d1956-1 aFox, Gordon A.,d1952-